Tabiat ke 8 : (Record no. 586)

000 -LEADER
fixed length control field nam a22 a 4500
003 - CONTROL NUMBER IDENTIFIER
control field AKMAL
005 - DATE AND TIME OF LATEST TRANSACTION
control field 20170504120813.0
008 - FIXED-LENGTH DATA ELEMENTS--GENERAL INFORMATION
fixed length control field 170504t2007 my a e | 000 0 may d
020 ## - INTERNATIONAL STANDARD BOOK NUMBER
International Standard Book Number 9830616703 (kkt.) :
Terms of availability RM59.90
040 ## - CATALOGING SOURCE
Original cataloging agency AKMAL
082 04 - DEWEY DECIMAL CLASSIFICATION NUMBER
Classification number 158.1 CUV
Edition number 22
090 20 - LOCALLY ASSIGNED LC-TYPE CALL NUMBER (OCLC); LOCAL CALL NUMBER (RLIN)
Classification number (OCLC) (R) ; Classification number, CALL (RLIN) (NR) 158.7
Local cutter number (OCLC) ; Book number/undivided call number, CALL (RLIN) CUV
100 1# - MAIN ENTRY--PERSONAL NAME
Personal name Covey, Stephen R.
9 (RLIN) 1295
245 10 - TITLE STATEMENT
Title Tabiat ke 8 :
Remainder of title daripada keberkesanan kepada keagungan /
Statement of responsibility, etc. Stephen R. Covey ; diterjemahkan oleh Mohammad Radzi Zainal
246 3# - VARYING FORM OF TITLE
Title proper/short title Tabiat ke lapan
260 ## - PUBLICATION, DISTRIBUTION, ETC.
Place of publication, distribution, etc. Kuala Lumpur :
Name of publisher, distributor, etc. Crescent News,
Date of publication, distribution, etc. 2007
300 ## - PHYSICAL DESCRIPTION
Extent 472ms. :
Other physical details il. ;
Dimensions 24cm.
650 10 - SUBJECT ADDED ENTRY--TOPICAL TERM
Topical term or geographic name entry element Leadership
9 (RLIN) 120
700 0# - ADDED ENTRY--PERSONAL NAME
Personal name Mohammad Radzi Zainal
9 (RLIN) 1296
942 ## - ADDED ENTRY ELEMENTS (KOHA)
Source of classification or shelving scheme
Koha item type Book
Holdings
Withdrawn status Lost status Source of classification or shelving scheme Damaged status Not for loan Collection code Home library Current library Shelving location Date acquired Inventory number Total Checkouts Total Renewals Full call number Barcode Date last seen Date last checked out Price effective from Koha item type
          NON-FICTION AKMAL Melaka AKMAL Melaka PINJAMAN 04.05.2017 100599 6 1 158.1 CUV 201701529 06.09.2019 24.07.2019 04.05.2017 Book
Pusat Sumber Maklumat Dato' Haji Sarmin Md Hussin, Akademi Kastam Diraja Malaysia, Melaka
Tel: 06-2331106 | Faks: 06-2313787